Minister Ján Mráz o dokončovaní "KBV"

Bibliographic Details
Main Author: Kačáni, Dušan (Author)
Format: Article
Language:Slovak
Subjects:

MARC

LEADER 00000nab a2200000 a 4500
001 vtls000587756
003 SK-MaSNL
005 20260303011558.0
008 160203c1996 xo 0 slo
015 |a SNBRB19rr/mm-uuuuu 
035 |a CL0587895 
040 |a SNKBUCL  |b slo  |c SNKBUCL  |e AACR2 
041 0 |a slo 
044 |a xo  |c SK 
080 |a 351.778.5(437.6):338.23(437.6):354.45(437.6)  |2 1981 
080 |a 338.23(437.6)  |2 1981 
080 |a 354.45(437.6)  |2 1981 
100 1 |a Kačáni, Dušan  |4 aut  |9 839863 
245 1 0 |a Minister Ján Mráz o dokončovaní "KBV"  |c Dušan Kačáni 
650 0 7 |a bytová výstavba  |2 snkbucl  |9 3036 
650 0 7 |a bytová politika  |2 snkbucl  |9 20099 
650 0 7 |a Ministerstvo výstavby a verejných prác Slovenskej republiky  |2 snkbucl  |9 920557 
655 7 |a články z novín a časopisov  |2 snkbucl  |9 267496 
773 0 |t Obecné noviny  |g Roč. 6, č. 20 (1996), s. 4 
850 |a Slovenská národná knižnica v Martine  |a MTA001 
852 |a SNK  |b KIS3GCP 
958 |a RK 
958 |a SK 
992 |a RBX 
999 |c 1592916  |d 1594846